| 000 | 00741nam a2200217 i 4500 | ||
|---|---|---|---|
| 001 | 114510 | ||
| 003 | ES-MaACL | ||
| 005 | 20250829112024.0 | ||
| 007 | t| | ||
| 008 | 070306s1972 mx ag ||||1| spa d | ||
| 080 | _a897.26-2 | ||
| 245 | 0 | 0 |
_aRabinal-Achí, el varón de Rabinal _b: ballet-drama de los indios quichés de Guatemala [con la música indígena] / _ctraducción y prólogo de Luis Cardoza y Aragón. |
| 250 | _a1ª ed. | ||
| 260 |
_aMéxico : _bPorrúa, _c1972. |
||
| 300 |
_aXXI, 89 p. : _bil., grab., mús. ; _c22 cm. |
||
| 490 | 1 |
_aSepan cuantos ; _v219 |
|
| 700 | 1 |
_aCardoza y Aragón, Luis. _935209 |
|
| 830 | 0 | 0 |
_aSepan cuantos_ _v219 _9180801 |
| 852 |
_aES-MaACL _jE-9476 |
||
| 999 |
_c114510 _d114510 |
||